| 000 | 00638nam a22001697a 4500 | ||
|---|---|---|---|
| 005 | 20260406112512.0 | ||
| 008 | 240812b ||||| |||| 00| 0 eng d | ||
| 082 |
_22023 _aUT |
||
| 100 |
_aSugue, Alex M. Jr. _957464 |
||
| 245 |
_aKawilihan ng mga katutubong mag-aaral sa paggamit ng wikang filipino sa pakikipagtalastasan / _cAlex M. Sugue Jr. and Ben Michael B. Panaguiton |
||
| 260 |
_aDigos City : _bUMDC, _cOctober 2023. |
||
| 300 |
_aviii, 53 pages : _c30 cm. |
||
| 500 | _aIncludes references and appendices. | ||
| 650 |
_aEducation. _xUndergraduate Thesis. _957465 |
||
| 700 |
_aPanaguiton, Ben Michael B. _957466 |
||
| 942 |
_2ddc _cUT |
||
| 999 |
_c20368 _d20368 |
||